| 000 | 00913nam a2200265Ia 4500 | ||
|---|---|---|---|
| 003 | OSt | ||
| 005 | 20221005104403.0 | ||
| 006 | a|||||r|||| 00| 0 | ||
| 007 | ta | ||
| 008 | 221004b |||||||| |||| 00| 0 hin d | ||
| 020 |
_a9788186304907 (hbk) _c2800 |
||
| 024 | _a105526 | ||
| 037 |
_b1465, 17/03/2011, Kiran Book Service _cTextual |
||
| 040 |
_aCRL _cCRL _bhin |
||
| 041 |
_2hin _ahin |
||
| 082 | _aO152,3M80x, P4.1-.8(RR) | ||
| 100 | _aप्रेमचन्द | ||
| 245 | 0 | _aमानसरोवर | |
| 246 | _aMānasarovara | ||
| 260 |
_aदिल्ली _bभारत पुस्तक भण्डार भारत _c2004 |
||
| 490 | _vभाग 1 | ||
| 650 | _aहिन्दी साहित्य | ||
| 942 |
_hO152,3M80x, P4.1-.8(RR) _cTEXL _2cc |
||
| 999 |
_c1012554 _d1012554 |
||